TV Show Cities: Real or Fake? Quiz Stats

 Plays Quiz Updated Nov 13, 2017

Also try: TV Cities
Challenge
Share
Tweet
Embed
Score 0/20 Timer 04:00
2 Plays Today
Television Show Real (R) or Fictional (F) % Correct
NCIS???
91.2%
The Big Bang Theory???
89%
The Office (U.S.)???
83.2%
Fuller House???
82.1%
Empire???
80.5%
Better Call Saul???
78.4%
Blue Bloods???
78.3%
Buffy the Vampire Slayer???
72%
Stranger Things???
70.1%
Dawson's Creek???
69.4%
Television Show Real (R) or Fictional (F) % Correct
Parks and Recreation???
61%
The Andy Griffith Show???
60.6%
Crazy Ex-Girlfriend???
58.2%
Daredevil???
57.1%
Murder She Wrote???
55.1%
Veronica Mars???
54.3%
Pretty Little Liars???
52.5%
People of Earth???
42.7%
Sons of Anarchy???
38.7%
That '70s Show???
32.9%

You're not logged in!

Compare scores with friends on all Sporcle quizzes.
OR
Log In

You Might Also Like...

Show Comments

Extras

Top Quizzes Today


Score Distribution

Your Account Isn't Verified!

In order to create a playlist on Sporcle, you need to verify the email address you used during registration. Go to your Sporcle Settings to finish the process.

Report this User

Report this user for behavior that violates our Community Guidelines.

Details: